<?xml version="1.0" encoding="UTF-8"?>
<marc:record xmlns:marc="http://www.loc.gov/MARC21/slim">
   <marc:leader>00000nam a2200000 a 4500</marc:leader>
   <marc:datafield ind1="1" ind2=" " tag="100">
      <marc:subfield code="a">Fischler, Franz</marc:subfield>
      <marc:subfield code="4">aut</marc:subfield>
      <marc:subfield code="e">Verfasser/-in</marc:subfield>
   </marc:datafield>
   <marc:datafield ind1="0" ind2="0" tag="245">
      <marc:subfield code="a">Zukunft denken</marc:subfield>
   </marc:datafield>
   <marc:datafield ind1="0" ind2="0" tag="245">
      <marc:subfield code="b">werden es unsere Kinder besser</marc:subfield>
   </marc:datafield>
   <marc:datafield ind1=" " ind2="1" tag="264">
      <marc:subfield code="b">Galila</marc:subfield>
      <marc:subfield code="c">2014</marc:subfield>
   </marc:datafield>
   <marc:datafield ind1="1" ind2=" " tag="520">
      <marc:subfield code="a">Bis zur Gegenwart einte alle Eltern dieser Welt ein Gedanke: Dass es ihre Kinder einmal besser haben sollten als sie selbst. Und heute? Wie sieht die Zukunft unserer Kinder aus? Wird die Bevölkerungsexplosion zu mehr kriegerischen Konflikten führen? Die Klimaerwärmung zu mehr Hunger und weltweiter Migration? Wird es einen Ansturm von Flüchtlingen aus Afrika und Asien geben und sich Europa zu einer "Festung" verwandeln? Wer wird in Österreich und Deutschland den Alten die Pensionen zahlen, wenn die Geburtenrate weiter sinkt? Sind all diese Konflikte für die Zukunft aus demografischen Gründen vorprogrammiert und unvermeidlich? Antworten auf derlei Zukunftsfragen geben der Demograf Wolfgang Lutz und der ehemalige EU-Kommissar Franz Fischler. Ihr hintergründiges Gespräch, gewürzt mit viel Humor, gibt Hoffnung für die Zukunft.</marc:subfield>
   </marc:datafield>
   <marc:datafield ind1="3" ind2=" " tag="024">
      <marc:subfield code="a">9783902533623</marc:subfield>
   </marc:datafield>
</marc:record>
